Martín Fierro /

Gespeichert in:
Bibliographische Detailangaben
1. Verfasser: Hernández, Martín
Format: Unbekannt
Sprache:English
Veröffentlicht: [Madrid] : Aguilar, [1971].
Schlagworte:
Tags: Tag hinzufügen
Keine Tags, Fügen Sie den ersten Tag hinzu!

MARC

LEADER 000000000a22000000004500
001 015321
041 0 |a eng 
082 0 4 |a 861.5   |b F465h 
100 1 |a Hernández, Martín 
245 1 0 |a Martín Fierro /   |c Martín Hernández. 
260 1 |a [Madrid] :   |b Aguilar,   |c [1971]. 
300 |a xxxix, 636 páginas :   |b 1 lámina ilustrada ;   |c 18 cm. 
650 4 |a GAUCHOS 
650 4 |a POESIA 
500 |a Colección George Yúdice 
999 |c 21177  |d 21177 
942 |c BK  |h 861.5 F465h  |2 z